Нормален изглед
MARC изглед
- рецепти за лечение
Вход 08. Ключови думи
001 - Контролен номер на записа
- Контролно поле: 396169
003 - Код на организацията, даваща контролен номер
- Контролно поле: BLK
005 - Дата и час на последна промяна на записа
- Контролно поле: 20190830161404.0
008 - Данни с фиксирана дължина – обща информация
- Данни с фиксирана дължина : 190830|| aca||aabn | a|a d
153 ## - Ключови думи
- Ключова дума: рецепти за лечение
942 ## - Системна служебна употреба
- Koha auth type: KEW